00728 2200277 4500001002100000005001500021035002000036008004100056020000600097082001100103090001400114245004300128260002600171300003000197084001700227100002000244700002000264700001500284700001300299990002300312990002300335990002300358990002300381990002300404990002300427INLIS00000000000045520230126090052 a0010-0722000455230126 | 0 ind  a- a631.52 aSul b C.71 aBuku petunjuk lapangan teknologi benih aJakarta :bAPP,c1998 a27 hlm. :bilus. ;c21 cm a631.52 SUL b1 aSulistya, Djaka1 aWibowo, Soesilo0 aSoedijanto0 aTriyanto aC6(4281/APP/Ha/99) aC3(4278/APP/Ha/99) aC9(4284/APP/Ha/99) aC2(4277/APP/Ha/99) aC7(4282/APP/Ha/99) aC8(4283/APP/Ha/99)